000 00345nam a2200133 i 4500
001 bg
100 1 _aULATOWSKI, Radosław
245 0 _aOkucia budowlane jako architektoniczny czynnik robót /
_cRadosław Ulatowski.
260 _aPoznań,
_c1970.
040 _cBPK
041 _apol
942 _cKS
008 s pl f |000 0 pol
999 _c20644
_d20644
856 _uhttp://koha.tu.koszalin.pl/cgi-bin/koha/opac-detail.pl?biblionumber=20644
_yKatalog online BPK